A celebrity from each country quiz pt.1 Easy - Statistics

General Stats
  • This quiz has been taken 10 times
  • The average score is 17 of 20
Answer Stats
Hint Country Answer % Correct
Notorious leader of Nazi-germay Germany Adolf Hitler
100%
Fascist leader of Italy during WWII Italy Benito Mussolini
100%
Ruled the country for several decades after a civil war Cuba Fidel Castro
100%
The person who has won the most area ever, he got from current Mongolia to Vienna Mongolia Genghis Khan
100%
The symbol for christianity and an important prophet for Judaism and Islam as well Israel Jesus christ himself
100%
Lead singer of Beatles, had a succes as solo artist too until he got assasinated in 1980 United Kingdom John lennon
100%
Fought for independence from the U.K. and the founder of the theory Satygraha which is the idea of no violence India Mahatma Gandhi
100%
The first "President" of China 1954-1959, but continued to rule the country until 1976, killed approximately 60 million people which is the most in history China Mao Zedong
100%
Crowned himself as emperor after winning the civil war and went on to win a massive amount of land until he got stopped at the battle of Waterloo France Napoleon Bonaparte
100%
Freedom fighter against racism (The Apartheid system), got inprisoned for protests but got released when the regime fell, became the first democratic elected president, later received Nobel peace prize for his actions South Africa Nelson Mandela
100%
The fastest man alive Jamaica Usain Bolt
100%
The first president USA George Washington
90%
Leader of Japan during WWII and another 40 years as emperor Japan Hirohito
90%
The greatest football player of all time, according to many Argentina Lionel Messi
90%
Killed about 20% of the population during his idea of the entire population becoming farmers Cambodia Pol Pot
90%
The first leader of USSR Russia Vladimir Lenin
90%
The dictator of Iraq through decades, he is known for invading multiple countries, hating kurds and going so far in that hate that he gassed the part of Iraq where kurds lived with illegal gases, he was captured by USA and executed Iraq Saddam hussein
80%
The person who found the way to India Portugal Vasco da gama
60%
Ruled the country under a communistic regime until USA kidnapped him in his own house under the reason of him smuggling drugs to USA Venezuela Nicolas Maduro
50%
She was the queen of egypt and ruled the country with her brother until he kicked her out, she instead went to Rome where Julius Caesar fell in love with her and helped her take back Egypt Egypt Kleopatra VII
0%
No matching quizzes found
Score Distribution
Percent of People with Each Score
Percentile by Number Answered
Your Score History
You have not taken this quiz